[Event "SUI-chT"]
[Site "Switzerland"]
[Date "2004.05.02"]
[Round "4.6"]
[White "Flueckiger, Christian"]
[Black "Kurmann, Oliver"]
[Result "1-0"]
[WhiteElo "2317"]
[BlackElo "2285"]
[PlyCount "173"]
[EventDate "2004.02.29"]
[EventType "team-tourn"]
[EventRounds "9"]
[EventCountry "SUI"]
[SourceTitle "EXT 2005"]
[Source "ChessBase"]
[SourceDate "2004.11.15"]
[SourceVersion "1"]
[SourceVersionDate "2004.11.15"]
[SourceQuality "1"]
[WhiteTeam "Bern"]
[BlackTeam "Luzern"]
[WhiteTeamCountry "SUI"]
[BlackTeamCountry "SUI"]

1. e4 e6 2. d3 d5 3. Nd2 Nf6 4. Ngf3 Nc6 5. c3 a5 6. Qa4 Be7 7. g3 0-0 8. Bg2 dxe4 9. dxe4 Qd3 10. Nd4 Nxd4 11. Qxd4 Qxd4 12. cxd4 Rd8 13. e5 Nd5 14. a3 Nb6 15. Nf3 Bd7 16. Bg5 Kf8 17. Rc1 Bc6 18. 0-0 Rd7 19. Bxe7+ Kxe7 20. Ng5 Bxg2 21. Kxg2 c6 22. Rfd1 Rad8 23. Ne4 Na4 24. Nd6 Nxb2 25. Rd2 Na4 26. Rc4 Nb6 27. Rc5 Nc8 28. Nxc8+ Rxc8 29. Rxa5 Kd8 30. Kf3 Kc7 31. Ke4 h5 32. h4 Kb6 33. Ra4 Rd5 34. Rb2+ Rb5 35. Rxb5+ cxb5 36. Rb4 Rc4 37. Kd3 Ka5 38. Rxc4 bxc4+ 39. Kxc4 Ka4 40. Kc5 Kxa3 41. Kb6 Kb4 42. Kxb7 Kc4 43. Kc6 Kxd4 44. Kd6 Ke4 45. Ke7 Kxe5 46. Kxf7 Ke4 47. Kxg7 Kf3 48. Kg6 Kxf2 49. Kxh5 e5 50. g4 e4 51. g5 e3 52. g6 e2 53. g7 e1Q 54. g8Q Qe5+ 55. Qg5 Qe6 56. Qg6 Qe7 57. Qf5+ Ke1 58. Kg4 Qe2+ 59. Kg5 Qe7+ 60. Qf6 Qe3+ 61. Kg6 Qe4+ 62. Kh6 Qe3+ 63. Kh7 Qe4+ 64. Kg7 Qg4+ 65. Qg5 Qd7+ 66. Kf8 Qc8+ 67. Kf7 Qc4+ 68. Ke8 Qc6+ 69. Kf8 Qc8+ 70. Kf7 Qc4+ 71. Kg7 Qc7+ 72. Kg6 Qc6+ 73. Qf6 Qe4+ 74. Kf7 Qh7+ 75. Kf8 Kd1 76. Qd4+ Ke1 77. Qe5+ Kd1 78. h5 Qh6+ 79. Ke7 Qh7+ 80. Kd6 Qh6+ 81. Kd5 Kc1 82. Kc4 Qa6+ 83. Qb5 Qf6 84. Qc5 Qa6+ 85. Kc3 Kd1 86. Qd4+ Ke1 87. Qd2+ 1-0

[Event "SUI-chT"]
[Site "Switzerland"]
[Date "2003.06.22"]
[Round "5.6"]
[White "Flueckiger, Christian"]
[Black "Boschetti, Claudio"]
[Result "0-1"]
[WhiteElo "2313"]
[BlackElo "2204"]
[PlyCount "90"]
[EventDate "2003.03.23"]
[EventType "team-tourn"]
[EventRounds "9"]
[EventCountry "SUI"]
[SourceTitle "EXT 2004"]
[Source "ChessBase"]
[SourceDate "2003.11.25"]
[SourceVersion "1"]
[SourceVersionDate "2003.11.25"]
[SourceQuality "1"]
[WhiteTeam "Bern"]
[BlackTeam "Lugano"]
[WhiteTeamCountry "SUI"]
[BlackTeamCountry "SUI"]

1. g3 Nf6 2. Bg2 g6 3. e4 d6 4. d4 Bg7 5. Ne2 c6 6. 0-0 0-0 7. h3 e5 8. a4 Re8 9. Nbc3 a5 10. Bg5 Nbd7 11. Qd2 Qc7 12. Rad1 b6 13. f4 Ba6 14. dxe5 dxe5 15. Qd6 Qa7 16. fxe5 Re6 17. Qd2 Nxe5 18. Rf2 Ne8 19. Qf4 b5 20. axb5 Bxb5 21. Nxb5 cxb5 22. Nc3 h6 23. Bd8 Nd6 24. Qh4 g5 25. Bxg5 hxg5 26. Qxg5 Rc8 27. Kf1 Ndc4 28. Nd5 Nxb2 29. Rb1 Qd4 30. Rd2 Qc4+ 31. Kg1 Qc5+ 32. Kh1 Nbc4 33. Rdd1 Rce8 34. Nf4 Rd6 35. Rd5 Rxd5 36. Nxd5 Kf8 37. Rf1 Qd6 38. Nf6 Bxf6 39. Rxf6 Re6 40. Rf1 a4 41. Qh5 Ne3 42. Re1 Nxg2 43. Rd1 Qc7 44. Kxg2 Qxc2+ 45. Kg1 Kg7 0-1

[Event "SUI-chT"]
[Site "Switzerland"]
[Date "2002.06.02"]
[Round "4.3"]
[White "Almada, Enrique"]
[Black "Flueckiger, Christian"]
[Result "1/2-1/2"]
[WhiteElo "2377"]
[BlackElo "2308"]
[PlyCount "65"]
[EventDate "2002.03.03"]
[EventType "team-tourn"]
[EventRounds "9"]
[EventCountry "SUI"]
[SourceTitle "EXT 2003"]
[Source "ChessBase"]
[SourceDate "2002.11.25"]
[SourceVersion "1"]
[SourceVersionDate "2002.11.25"]
[SourceQuality "1"]
[WhiteTeam "Luzern"]
[BlackTeam "Bern"]
[WhiteTeamCountry "SUI"]
[BlackTeamCountry "SUI"]

1. d4 d5 2. Nf3 e6 3. c4 c5 4. cxd5 exd5 5. Nc3 Nc6 6. g3 Nf6 7. Bg2 Be7 8. 0-0 0-0 9. Bg5 cxd4 10. Nxd4 h6 11. Be3 Re8 12. Rc1 Bf8 13. Na4 Ne5 14. Nb5 Nc4 15. Rxc4 dxc4 16. Qxd8 Rxd8 17. Nc7 Bd7 18. Nxa8 Bxa4 19. Bxb7 Rd7 20. Bf3 Nd5 21. Bxd5 Rxd5 22. Nc7 Rd7 23. Na6 Bb5 24. Nc5 Re7 25. b4 cxb3 26. Nxb3 Bxe2 27. Rc1 Bg4 28. Rc4 Be6 29. Ra4 Rd7 30. Kg2 Bd5+ 31. f3 Bxb3 32. axb3 Rb7 33. Bxa7 1/2-1/2

[Event "SUI-chT"]
[Site "Switzerland"]
[Date "2002.03.24"]
[Round "2.5"]
[White "Flueckiger, Christian"]
[Black "Kelecevic, Nedeljko"]
[Result "1/2-1/2"]
[WhiteElo "2308"]
[BlackElo "2399"]
[PlyCount "39"]
[EventDate "2002.03.03"]
[EventType "team-tourn"]
[EventRounds "9"]
[EventCountry "SUI"]
[SourceTitle "EXT 2003"]
[Source "ChessBase"]
[SourceDate "2002.11.25"]
[SourceVersion "1"]
[SourceVersionDate "2002.11.25"]
[SourceQuality "1"]
[WhiteTeam "Bern"]
[BlackTeam "Winterthur"]
[WhiteTeamCountry "SUI"]
[BlackTeamCountry "SUI"]

1. e4 e6 2. d4 d5 3. Nc3 Nf6 4. Bg5 Be7 5. e5 Nfd7 6. h4 Bxg5 7. hxg5 Qxg5 8. Nh3 Qe7 9. Nf4 g6 10. Bd3 Nc6 11. Qd2 Nb6 12. a4 a5 13. Nb5 Na7 14. Bxg6 Nxb5 15. axb5 Nc4 16. Qc3 Qg5 17. g3 fxg6 18. b3 Nxe5 19. dxe5 0-0 20. Nd3 1/2-1/2